Logo BPK

Biblioteka

Politechniki Koszalińskiej

Citation world atlas / (Rekord nr 47437)

Szczegóły MARC
000 -ETYKIETA REKORDU
podpole kontrolne o stałej długości 00730nam a2200241 i 4500
001 - NUMER KONTROLNY REKORDU
pole kontrolne bgj
020 ## - MIĘDZYNARODOWY ZNORMALIZOWANY NUMER KSIĄŻKI - ISBN
ISBN 0843712546
040 ## - ŹRÓDŁO KATALOGOWANIA
Instytucja, która utworzyła rekord BPK
041 0# - KOD JĘZYKA
Kod języka tekstu eng
920 ## - Międzynarodowy znormalizowany numer książki – ISBN
ISBN 0-8437-1254-6
008 - POLE O STAŁEJ DŁUGOŚCI - DANE KONTROLNE
podpole kontrolne o stałej długości s uk f |000 0 eng
110 2# - NAZWA CIAŁA ZBIOROWEGO
Nazwa ciała zbiorowego Hammond.
245 00 - TYTUŁ/ODPOWIEDZIALNOŚĆ
Tytuł Citation world atlas /
Pozostałe elementy strefy tytułu i oznaczenia odpowiedzialności Hammond Inc.
260 ## - STREFA ADRESU WYDAWNICZEGO
Miejsce wydania Maplewood, NJ :
Nazwa wydawcy/dystrybutora Hammond Inc.,
Data publikacji, dystrybucji/powstania dokumentu cop. 1982.
300 ## - STREFA OPISU FIZYCZNEGO
Objętość VIII, 356 pp. :
Inne cechy fizyczne coll. ill., coll. maps ;
Rozmiary 33 cm.
500 ## - UWAGI OGÓLNE
Tekst uwagi Revised edition of "Hammond Citation World Atlas. 1981".
500 ## - UWAGI OGÓLNE
Tekst uwagi Cover tittle: "Hammond Citation World Atlas".
505 ## - SFORMALIZOWANA UWAGA DOTYCZĄCA ZAWARTOŚCI
Pełny tekst uwagi Includes glossary and index.
505 ## - SFORMALIZOWANA UWAGA DOTYCZĄCA ZAWARTOŚCI
Pełny tekst uwagi ZIP codes on U.S. state indexes.
505 ## - SFORMALIZOWANA UWAGA DOTYCZĄCA ZAWARTOŚCI
Pełny tekst uwagi New final census.
650 #9 - HASŁO PRZEDMIOTOWE W FORMIE NAZWY OGÓLNEJ LUB JEDNOSTKOWEJ
Nazwa ogólna lub geograficzna Atlases
856 ## - LOKALIZACJA I DOSTĘP DO ELEKTRONICZNYCH DOKUMENTÓW ZDALNYCH
Link (URL) http://koha.tu.koszalin.pl/cgi-bin/koha/opac-detail.pl?biblionumber=47437
Tekst linku Katalog online BPK
942 ## - DODATKOWE ELEMENTY (KOHA)
Typ dokumentu Książka
Egzemplarze
Wycofany Status egzemplarza Uszkodzony Dostępność Lokalizacja stała Lokalizacja bieżąca Miejsce przechowywania Sygnatura Kod kreskowy Typ dokumentu
      Dostępny Biblioteka Politechniki Koszalińskiej Biblioteka Politechniki Koszalińskiej Wypożyczalnia Językowa KA 3764 09056244 Książka
© 2023 Biblioteka Politechniki Koszalińskiej :: KOHA